000 00435nam a2200157Ia 4500
005 20250923144325.0
008 008 250917s9999 xx 000 0 eng d
037 _aTextual
040 _aDSWL
_beng
_cDSWL
041 _aeng
_2eng
084 _aY1:46p73:M74, J5
_qDSWL
245 0 _aSocial Welfare Forum 1955
260 _aNew York
_b NASW
_c1955
942 _cTEXL
_hY1:46p73:M74, J5
999 _c1437447
_d1437447